Statistiques concernant Culture Générale - Série 846

Cliquez ici pour prendre le quiz!

Statistiques générales

  • Ce quiz a été pris 135 fois
  • Le résultat moyen est 6 sur 10

Statistiques - réponses

QuestionRéponse% Correct
Quelle était la nationalité du navigateur Vasco de Gama ?portugaise
86%
Quel mot anglais signifiant "seul", ou "simple", désigne un disque compact n'offrant généralement qu'un ou deux titres ?single
85%
A quel chanteur doit-on “L'Été indien” en 1975 ?Joe Dassin
80%
Comment s'appelait la ville russe de Saint-Pétersbourg, entre 1924 et 1991 ?Leningrad
77%
Sur le bonnet des marins, quelle petite boule rouge est censée porter chance à celui qui la touche ?pompon
74%
A quelle femme de lettres doit-on le roman “La Princesse de Clèves” ? Madame de La ...Fayette
68%
Dans quel département français est située la commune de Vaison la Romaine ?Vaucluse
59%
Dans la série des "Gendarme", quel affectueux surnom d'animal, Ludovic Cruchot donne-t-il à sa femme Josépha ?ma biche
50%
La romancière Madame de Staêl était la fille du ministre des finances de Louis XVI, ...Jacques Necker
26%
Quel artiste français, héros du "triporteur", est l'auteur de l'autobiographie : "Mémoires d'un canaillou" ?Darry Cowl
25%

Distribution des résultats

Percentile par nombre de réponses

% des personnes avec chaque résultat

Votre développement - résultats

Vous n’avez pas pris ce quiz